000 00926nam0a22002771 4500
001 rc\522261
005 20250621120013.0
035 _a(NLR Aleph) 005761244
090 _a4942429
_c4942429
100 _a20030616d1988 |||y0rusy50 ca
101 0 _arus
102 _aRU
105 _aa |||||||||
200 1 _aИсследование эффективности детектирующей системы магнитного спектрометра эксперимента АНИ
210 _aЕреван
_cЕФИ
_d1988
215 _a15 с.
_cил.
_d20
225 1 _aПрепринт
_fЕрев. физ. ин-т
_vЕФИ-1043(6)-88
300 _aРез. на арм. яз.
320 _aБиблиогр.: с. 14-15
700 1 _aПогосян
_bА.К.
701 1 _aТер-Антонян
_bС.В.
801 0 _aRU
_bNLR
_gpsbo
801 1 _aRU
_bELAR
_2rusmarc
852 _aNLR
_j88-4/27259
942 _cBOOK
980 _aNB